01407nam a2200337 a 4500001001200000003000800012006001900020007001500039008004100054020001800095020002700113040002100140035002100161050002400182245007700206260004100283300001100324490005300335504004100388505013500429533015200564650001500716650003400731650003000765650002900795655002900824700001900853710001700872830005400889856012600943ebr10404062CaPaEBRm u cr cn|||||||||100918s2010 ne sb 000 0 eng d z9789042030848 z9789042030855 (e-book) aCaPaEBRcCaPaEBR a(OCoLC)65983351214aHV6431b.D66 2010eb04aThe domination of fearh[electronic resource] /cedited by Mikko Canini. aAmsterdam :bEditions Rodopi,c2010. a214 p.1 aAt the interface/probing the boundaries ;vv. 70 aIncludes bibliographical references.0 apt. 1. Cultural materialisation of fear, horror, terror -- pt. 2. Fear, horror and politics -- pt. 3. Fear, horror and literature. aElectronic reproduction.bPalo Alto, Calif. :cebrary,d2011.nAvailable via World Wide Web.nAccess may be limited to ebrary affiliated libraries. 0aTerrorism. 0aTerrorismxGovernment policy. 0aTerrorism and mass media. 0aTerrorism in literature. 7aElectronic books.2local1 aCanini, Mikko.2 aebrary, Inc. 0aAt the interface/probing the boundaries ;vv. 70.40uhttp://site.ebrary.com/lib/rucke/Doc?id=10404062zAn electronic book accessible through the World Wide Web; click to view